| 000 | 01274cam a2200313 a 4500 | ||
|---|---|---|---|
| 001 | recipejubilee00juni | ||
| 003 | CaSfIA | ||
| 005 | 20210118214350.0 | ||
| 007 | cr|||| | ||
| 008 | 900618s1964 alua 001 0 eng | ||
| 010 | _a 90166717 | ||
| 040 |
_aDLC _cDLC _dBAKER _dBTCTA _dCaSfIA |
||
| 020 | _a0960305416 | ||
| 020 | _a9780960305414 | ||
| 035 | _a(OCoLC)21973073 | ||
| 050 | 0 | 0 |
_aTX714 _b.R423 1964 |
| 082 | 0 | 0 |
_a641.5 _220 |
| 245 | 0 | 0 |
_aRecipe jubilee. _h[electronic resource] |
| 260 |
_aMobile, Ala. : _bJunior League of Mobile, _c1964 _g(1988 printing). |
||
| 300 |
_a344 p. : _bill. ; _c24 cm. |
||
| 500 | _aIncludes index. | ||
| 650 | 0 | _aCooking. | |
| 710 | 2 | _aJunior League of Mobile. | |
| 856 | 4 | 1 |
_uhttp://www.archive.org/details/recipejubilee00juni _zFree eBook from the Internet Archive |
| 856 | 4 | 2 |
_uhttp://www.openlibrary.org/books/OL1944125M _zAdditional information and access via Open Library |
| 942 | _cEB | ||
| 506 | _fНеобхідна авторизація на https://archive.org/ (створення облікового запису безкоштовно) | ||
| 506 | _fНеобхідна авторизація на https://openlibrary.org/ (створення облікового запису безкоштовно) | ||
| 999 |
_c542394 _d542394 |
||